Report on his work while under training in the National Archives of India other state archives, Calcutta, Bombay and Hyderabad (Record no. 491658)

000 -LEADER
fixed length control field 00427cam a22001097a 4500
008 - FIXED-LENGTH DATA ELEMENTS--GENERAL INFORMATION
fixed length control field 180718b1971 xxu||||| |||| 00| 0 eng d
082 ## - DEWEY DECIMAL CLASSIFICATION NUMBER
Classification number I56x5452 T152
245 ## - TITLE STATEMENT
Title Report on his work while under training in the National Archives of India other state archives, Calcutta, Bombay and Hyderabad
Statement of responsibility, etc. by Government of Tamil Nadu
260 ## - PUBLICATION, DISTRIBUTION, ETC.
Place of publication, distribution, etc. Madras
Name of publisher, distributor, etc. Government of Tamil Nadu
Date of publication, distribution, etc. 1971
300 ## - PHYSICAL DESCRIPTION
Extent 180+p
700 ## - ADDED ENTRY--PERSONAL NAME
Personal name Tamil Nadu. Government
Holdings
Withdrawn status Lost status Damaged status Not for loan Permanent Location Current Location Date acquired Full call number Barcode Date last seen Price effective from Koha item type
        Indian Institute of Public Administration Indian Institute of Public Administration 2018-08-04 I56x5452 T152 GG12619 2018-08-04 2018-08-04 GG

Powered by Koha